000 00367nam a2200157Ia 4500
003 Ost
005 20260225132550.0
008 260225s9999||||xx |||||||||||||| ||und||
040 _cfsic
041 _afre
082 _a440
100 _aGoran Hyden
_eAuteur
245 0 _aGouverner l'Afrique vers un partage des roles /
245 0 _cGoran Hyden
942 _cكتاب
999 _c34098
_d34098